000 00569nam a22002052 4500
001 0000020456
005 20151217155229.0
008 110919s xx 000 0 eng d
020 _a1412946896 :
040 _aKABU
_cKABU
100 1 _aOliver, Paul.
_@0000180723
245 1 0 _aWriting your thesis /
_cPaul Oliver.
250 _a2nd ed.
260 _aLondon :
_bSAGE,
_c2008.
300 _aix, 172 p.
650 0 _aDissertation, Academic.
_@0000148155
852 1 _9p2656.70 KES
908 _a110919
950 _@1
999 _c12145
_d12145